[Event "Mundial ajedrez"]
[Site "London"]
[Date "2018.11.28"]
[Round "13.1"]
[White "Carlsen, Magnus"]
[Black "Caruana, Fabiano"]
[Result "1-0"]
[WhiteElo "2835"]
[BlackElo "2832"]
[Annotator "ajedrez21.com"]
[PlyCount "109"]
[EventDate "2018.11.09"]
[EventCountry "ENG"]
[SourceVersionDate "2018.11.10"]
[WhiteTeam "semirápida 25 min."]

{[%evp 0,16,19,-12,-2,-11,5,-33,-8,-63,-75,-58,-1,3,25,13,54,54,47]} 1. c4 e5
2. Nc3 Nf6 3. g3 Bb4 4. e4 O-O 5. Nge2 c6 6. Bg2 a6 7. O-O b5 8. d4 d6 9. a3 (
9. cxb5 axb5 10. h3 Re8 11. Be3 exd4 12. Bxd4 Bxc3 13. Nxc3 b4 14. Bxf6 Qxf6
15. Nb5 Rd8 16. Nd4 Ra7 17. f4 c5 18. Nb3 Nc6 19. Rf2 c4 20. Nd2 c3 21. bxc3
bxc3 22. Nb3 Be6 23. Rc1 Nb4 24. Nd4 Rc8 25. Nb5 Rxa2 26. Nxd6 Rxf2 27. Kxf2 c2
28. Qd2 Qc3 29. Qxc3 Rxc3 30. Nb5 Rc5 31. Bf1 Na2 32. Ra1 c1=Q 33. Rxa2 Bxa2 {
0-1 (33) Zubarev,A (2470)-Vysochin,S (2542) Ordzhonikidze 2001}) 9... Bxc3 10.
Nxc3 bxc4 11. dxe5 dxe5 12. Na4 Be6 13. Qxd8 $6 {Parece mucho mejor 13.Cc5 con
posición prometedora. Carlsen deja escapar la ventaja. Se le ve en baja forma.
} Rxd8 14. Be3 Nbd7 15. f3 Rab8 16. Rac1 Rb3 17. Rfe1 Ne8 18. Bf1 Nd6 19. Rcd1
{Caruana ha jugado muy bien y rápido, pero esta jugada de Carlsen plantea
nuevos problemas al negro. Tiempos igualados: 15:00 vs. 15:00.} Nb5 $2 {
Caruana decide arriesgar en vez de jugar la única 19...Cb7. Ahora todos los
módulos dan clara ventaja al blanco. Tiempos: 15:00 vs. 10:00 min.} 20. Nc5 $1
Rxb2 {Ahora se entra en una variante prácticamente forzada, de la que parece
que emerge Carlsen con ventaja.} 21. Nxe6 fxe6 22. Bxc4 Nd4 23. Bxd4 exd4 {
Momento clave de la partida.} 24. Bxe6+ $2 {Tras casi 10 minutos pensando,
Carlsen no encontró la correcta 24.Txd4! con idea de la ganadora 25.Rh1.
Ahora parece que la partida se encaminará a las tablas.} Kf8 25. Rxd4 Ke7 26.
Rxd7+ Rxd7 27. Bxd7 Kxd7 {Tiempos 4:30 vs. 08:50 Además de no acertar,
Carlsen se ha quedado mucho peor de tiempo. Si bien el final parece tablas,
ambos bandos tienen que tener cuidado: el negro cuenta con peón de menos a
cambio de la actividad y el blanco tiene un poderoso peón pasado. Aún puede
pasar cualquier cosa.} 28. Rd1+ Ke6 29. f4 {Tiempos: 03:00 vs. 05:00 - Ahora
Caruana debe tener cuidado por la masa de peones de Carlsen en el flanco de
rey. Los finales de torre tienen una extrema dificultad y cualquier error
sería mortal.} c5 30. Rd5 Rc2 {Tiempos: 01:50 vs. 03:52 - En cada nuevo
movimiento los jugadores reciben 10 segundos de incremento, pero en todo caso
están entrando en los terribles apuros de tiempo de este tipo de partidas...
El blanco tiene ventaja, pero está peor de tiempo...} 31. h4 c4 32. f5+ {
Carlsen moviliza al máximo su masa de peones. La baza del negro es su peón
pasado en 'c3'.} Kf6 33. Rc5 h5 34. Kf1 {Aunque Carlsen está apretando,
Caruana se defiende bien y sigue con algo más de tiempo.} Rc3 35. Kg2 {
Ambos jugadores con 1 minuto en sus relojes.} Rxa3 36. Rxc4 Ke5 37. Rc7 Kxe4 $4
{Era necesario el jaque previo: 37...Ta2+! Ahora en cambio, el negro está
perdido... ¡Una tragedia para Caruana, que se había defendido toda la
partida muy bien!} 38. Re7+ $1 {La intermedia ganadora.} Kxf5 39. Rxg7 Kf6 40.
Rg5 a5 41. Rxh5 a4 42. Ra5 {La ventaja blanca es decisiva. Además, al
aspirante apenas le restan 30 seg. para toda la partida.} Ra1 43. Kf3 a3 44.
Ra6+ {Aunque con posición ganada, a Carlsen apenas le quedan también
segundos en eel reloj, lo que da ciertas posibilidades de tablas al negro.
Sería un golpe mortal para la morar del noruego si no consiguiera rematar
esta partida...} Kg7 45. Kg2 Ra2+ 46. Kh3 Ra1 47. h5 Kh7 48. g4 {Parece que
Carlsen SÍ ha encontrado un método lineal para ganar sin complicaciones.} Kg7
49. Kh4 a2 50. Kg5 {Y no se le puede escapar la victoria a Carlsen. Los 10
segundos en cada movimiento de incremento, le garantiza terminar.} Kf7 51. h6
Rb1 52. Ra7+ Kg8 53. Rxa2 Rb5+ 54. Kg6 Rb6+ 55. Kh5 {¡Primera partida
decisiva en todo el Mundial! Ahora Caruana está prácticamente obligado a
ganar la segunda partida del desempate. Se confirma que al ritmo de 25+10, el
campeón se ha mostrado superior, a pesar del buen juego del aspirante. Tras
el descanso de 10 min. se jugará enseguida la segunda partida del tie-break.}
1-0

[Event "Mundial ajedrez"]
[Site "London"]
[Date "2018.11.28"]
[Round "13.2"]
[White "Caruana, Fabiano"]
[Black "Carlsen, Magnus"]
[Result "0-1"]
[WhiteElo "2832"]
[BlackElo "2835"]
[Annotator "ajedrez21.com"]
[PlyCount "56"]
[EventDate "2018.11.09"]
[EventCountry "ENG"]
[SourceVersionDate "2018.11.10"]
[WhiteTeam "semirápida 25 min."]

{[%evp 0,33,26,22,69,68,51,6,6,47,38,38,54,59,43,40,40,31,46,46,43,21,21,15,26,
34,42,41,34,47,86,69,90,52,89,95]} 1. e4 c5 2. Nf3 Nc6 3. d4 cxd4 4. Nxd4 Nf6
5. Nc3 e5 6. Ndb5 d6 7. Nd5 Nxd5 8. exd5 Ne7 9. c4 Ng6 10. Qa4 Bd7 11. Qb4 Qb8
12. h4 (12. Be3 h6 13. h4 h5 14. g3 f5 15. f3 Be7 16. Bd3 O-O 17. Bf2 e4 18.
fxe4 Ne5 19. Bc2 Nf3+ 20. Kf1 f4 21. Kg2 fxg3 22. Bxg3 Qd8 23. Raf1 Bg4 24. Bd1
Nxh4+ 25. Bxh4 Bxh4 26. Bxg4 Qg5 27. Rxh4 Rxf1 28. Kxf1 hxg4 29. Rh2 g3 30. Re2
Rf8+ 31. Kg1 g2 32. Rxg2 Qe3+ 33. Kh2 Rf6 34. Rg3 Qf2+ 35. Kh3 Rh6+ 36. Kg4
Rg6+ {0-1 (36) Savova,S (2250)-Juergens,V (2220) Bulgaria 1989}) 12... h5 13.
Be3 a6 14. Nc3 a5 15. Qb3 a4 16. Qd1 Be7 17. g3 Qc8 18. Be2 Bg4 19. Rc1 Bxe2
20. Qxe2 Qf5 21. c5 {Claramente las blancas están por delante en el
desarrollo y tienen la iniciativa. Caruana tiene buenas posibilidades de
apretar a Carlsen. Tiempos 21:00 vs. 19:00.} O-O {El principal problema del
blanco es consolidar su enroque, antes de pasar a tomar acciones más
concretas en el flanco de dama.} 22. c6 $5 {Tras 6 min. de reflexión, Caruana
se juega el todo por el todo...} bxc6 23. dxc6 Rfc8 24. Qc4 {La partida entra
en una fase decisiva. Si las negras no encuentran una respuesta táctica, el
blanco tendrá gran ventaja, pues se amenaza Cd5, etc.} Bd8 {La respuesta más
'humana'. Las máquinas proponían 24...De6! y si 25.Cd5 la tremenda 25...Ta5!
con idea de ...d5 y ventaja negra. Tiempos: 14:00 vs. 15:00.} 25. Nd5 {La
jugada natural. El blanco tiene una gran ventaja posicional, pero no está
aún enrocado, por lo que puede haber complicaciones tácticas.} e4 {Carlsen
contragolpea en el centro, donde aún se encuentra el monarca blanco.} 26. c7
$2 {Una jugada muy comprometedora, porque el negro ahora ataca con fuerza...}
Bxc7 $1 27. Nxc7 Ne5 $1 {El negro entra con fuerza en territorio enemigo.
Tiempos 10:00 vs. 13:00. Si gana Carlsen, estaría a un paso de revalidad el
título.} 28. Nd5 $2 {Caruana pierde el control en las complicaciones. Carlsen
ha rallado en las dos partidas semirápidas a gran altura, por primera vez en
todo el Mundial...} Kh7 {Con ventaja decisiva. Tras pensar más de 4 minutos,
Caruana decidió abandonar ante lo insostenible de su posición. El aspirante
está obligado ahora a ganar las dos partidas restantes, algo que parece casi
imposible, pues Carlsen ha demostrado un nivel altísimo en este ritmo de
juego.} 0-1

[Event "Mundial ajedrez"]
[Site "London"]
[Date "2018.11.28"]
[Round "13.3"]
[White "Carlsen, Magnus"]
[Black "Caruana, Fabiano"]
[Result "1-0"]
[WhiteElo "2832"]
[BlackElo "2835"]
[Annotator "ajederz21.com"]
[PlyCount "101"]
[EventDate "2018.11.09"]
[EventCountry "ENG"]
[SourceVersionDate "2018.11.10"]
[WhiteTeam "semirápida 25 min."]

{[%evp 0,16,19,31,72,53,43,13,10,-28,-49,-7,22,-59,-54,-54,-7,-27,-1]} 1. e4 c5
{Está claro que Caruana tiene que echar el resto, de ahí que escoja la
Siciliana. El aspirante está obligado a ganar las dos partidas que restan del
desempate a semirápidas.} 2. Nf3 e6 3. c4 {El blanco opta por la
continuación más sólida: el sistema Maróczy. A Carlsen le basta con tablas
para asegurar el título.} Nc6 (3... Qe7) 4. d4 cxd4 5. Nxd4 Bc5 6. Nc2 Nf6 7.
Nc3 O-O 8. Be3 (8. Be2 d5 9. cxd5 exd5 10. exd5 Ne5 11. Be3 Bd6 12. h3 Bd7 13.
g4 Qa5 14. Kf1 Rfc8 15. g5 Rxc3 16. gxf6 Rxc2 17. Qxc2 Qxd5 18. Rg1 Bxh3+ 19.
Ke1 g6 20. Qd2 Qe6 21. Rc1 Qxf6 22. a3 Re8 23. Qd5 Bf8 24. Qxb7 h5 25. Rc3 Bg4
26. Rg3 Bg7 27. Bxg4 Nxg4 28. Rf3 Qe6 29. Rc7 Ne5 30. Rg3 h4 31. Rg1 Qf5 32.
Rh1 Qb1+ 33. Rc1 Nd3+ 34. Kd2 Nxc1 35. Rxc1 Qf5 36. Ke2 h3 37. b4 Bb2 38. Rc5
Qg4+ 39. Qf3 Qxf3+ 40. Kxf3 Bxa3 41. Rb5 Bb2 42. Bxa7 Be5 43. Rd5 h2 44. Kg2
Kh7 45. b5 Bf4 46. Rd1 Re7 47. b6 g5 48. Rb1 Rb7 49. Rb3 Kg6 50. Rd3 Re7 51.
Rd1 Kh5 52. Rb1 Rb7 53. Rb3 Kg4 54. Rb5 f6 55. Rb3 Kf5 56. Rb1 Be5 57. Rb4 Ke6
58. Rb1 Kd5 59. Rd1+ Ke4 60. Re1+ Kf4 61. Rb1 Ke4 62. Re1+ Kd3 63. Rb1 Bd4 64.
Rd1+ Ke4 65. Rb1 g4 66. Rb4 Rh7 67. Kh1 Kd3 68. Rxd4+ Ke2 69. Rxg4 Rb7 70. Rf4
{1-0 (70) Evertsson,L (2177)-Aroven,M (2101) Stockholm 2013}) 8... b6 {Tiempos:
21:00 vs. 21:00.} 9. Be2 Bb7 10. O-O Qe7 11. Qd2 Rfd8 12. Rfd1 {Las negras han
adoptado un sistema mixto, tipo "erizo" pero con el alfil de casillas negras
fuera de la cadena de peones. Por su parte, la posición del blanco es
armoniosa y sin ninguna debilidad.} Ne5 13. Bxc5 bxc5 {El juego de Carlsen
está siendo simple y sólido. Nada de complicaciones.} 14. f4 Ng6 15. Qe3 {
El campeón sigue jugando rápido y bien; prácticamente tal como recomiendan
las máquinas, lo que es increíble jugando a este ritmo. Tiempos: 17:00 min.
vs. 21:00 min.} d6 16. Rd2 a6 17. Rad1 Qc7 {la mejor posibilidad del negro es
seguir manteniendo las opciones y jugar más rápido que su rival, esperando
el momento.} 18. b3 h6 {Tiempos 15:00 min. vs. 20:00 min. Caruana ha
comprendido muy bien que su mayor baza es la ventaja de tiempo.} 19. g3 Rd7 20.
Bf3 Re8 {Amagando con un ...d5 pues la Te8 mira con rayos 'x' a la dama blanca.
} 21. Qf2 {Pero Carlsen retira su dama a casilla segura. Tiempos: 15 min. vs.
19:00 min.} Ne7 {La partida entra en la fas decisiva. El negro ha conseguido
mantener la posición flexible. Será interesante ver si Carlsen decide jugar
para obtener ventaja.} 22. h3 Red8 23. Bg2 {Tiempos: 14:00 vs. 18:00 Caruana
sigue jugando bastante rápido.} Nc6 24. g4 {Carlsen decide que es el momento
de jugar más activo.} Qa5 {Al toque por parte de Caruana.} 25. Na4 {Pero el
campeón está a la altura y juaga la mejor. Ahora las rupturas blancas g5 y
e5 están en el aire. Tiempos 12:00 vs. 18:00.} Qc7 {Volviendo con la dama y
tras 4 min. de reflexión.} 26. e5 $1 {Carlsen decide tomar el mando de las
acciones. Esta fuerte ruptura cental, además de simplicar la posición,
parece muy buena para el blanco.} dxe5 27. Nxc5 Rxd2 28. Rxd2 Rxd2 29. Qxd2 Ba8
{Caruana se defiende bien: preserva el importante alfil. Los tiempos se han
igualado bastante: 11:30 vs. 13:30.} 30. fxe5 Qxe5 {Caruana ha defendido muy
bien y conserva algunas chances prácticas, debido a que tiene más seguridad
alrededor de su rey. Está claro que el negro no debe cambiar nunca las damas.
30...Cxe5? era un error por 31.Cxe6! Tiempos: 10:00 vs. 10:00.} 31. Nd7 {
Viendo que con otras jugadas el blanco se podría quedar pasivo, Carlsen opta
por esta activa jugando, cambiando una pieza más. No obstante, el rey blanco
sigue más débil y la pareja dama + caballo negra podría ser más eficaz.}
Qb2 $1 {La continuación más activa.} 32. Qd6 Nxd7 33. Qxd7 Qxc2 {Tiempos: 08:
00 vs. 08:00. la principal preocupación para Carlsen es la debilidad de su
enroque. Caruana puede jugar a ganar sin mucho riesgo.} 34. Qe8+ Kh7 35. Qxa8
Qd1+ 36. Kh2 Qd6+ 37. Kh1 Nd4 38. Qe4+ f5 {¡Caruana debe arriesgar!} 39. gxf5
exf5 {Caruana decide tomar de peón para avanzar con toda su infantería sobre
el debilitado enroque blanco. Una posición desagradable para Carlsen, aunque
objetivamente sigue siendo difícil para el negro conseguir amenazas decisivas.
} 40. Qe3 Ne6 {El negro centraliza sus piezas antes de decidir cómo ataca en
el flanco de rey. Por su parte, es el momento para que Carlsen le recuerde a
su rival su mayoría de peones en el flanco opuesto.} 41. b4 {Las cartas
están sobre la mesa.} Ng5 {Tiempos: 06:00 vs. 05:00.} 42. c5 Qf6 43. c6 Ne6 {
Todo indica que el blanco se ha adelantado en las acciones con el decidido
avance de los peones blancos en el flanco de dama...} 44. a4 Nc7 45. Qf4 {
El negro ha sido incapaz de crearle problemas al rey blanco y ahora la ventana
de Carlsen es muy evidente. Parece que le queda poco al Mundial... Tiempos: 05:
00 vs. 04:00.} Ne6 46. Qd6 Qa1+ 47. Kh2 Nd4 48. c7 {Avance decisivo que
liquida la partida, el desempate y el Mundial.} Qc3 49. Qc5 Qe3 {
Desesperación...} 50. c8=Q f4 51. Qg4 {Y Caruana abandonó. Carlsen ha jugado
a un nivel altísimo el desempate, sin cometer un solo error en las tres
partidas y prsionando en los momentos clave a su rival, quien ha colapsado en
los lances tácticas del ritmo frenético de estas partidas. Como hiciera hace
dos años frente a Karjakin, el noruego ha demostrado que el empate en la fase
clásica también le vale...} 1-0

[Event "Mundial ajedrez"]
[Site "London"]
[Date "2018.11.26"]
[Round "12"]
[White "Caruana, Fabiano"]
[Black "Carlsen, Magnus"]
[Result "1/2-1/2"]
[WhiteElo "2832"]
[BlackElo "2835"]
[Annotator "ajedrez21.com"]
[PlyCount "62"]
[EventDate "2018.11.09"]
[EventCountry "ENG"]
[SourceVersionDate "2018.11.10"]

{[%evp 0,62,19,31,72,53,48,43,44,18,47,41,41,57,56,43,43,43,43,40,52,14,39,35,
47,47,38,47,47,42,38,43,64,53,71,71,48,40,64,68,66,56,49,28,32,38,54,0,-8,24,3,
-48,-37,-44,-17,-15,19,15,15,-24,28,-20,-25,-73,-37] Con el marcador empatado
5,5-5,5 tras 11 empates, todo podría decidirse en esta última partida de
ritmo clásico en el Mundial. Al decir del excampeón mundial Vladimir
Krámnik, quien estuvo el pasado fin de semana dando simultáneas en Madrid, y
una de las voces con mayor autoridad en el mundo del ajedrez: "En buena
lógica, Caruana debería arriesgar en la última partida, pues para él
sería mucho peor entrar en el desempate a rápidas, donde Carlsen es gran
favorito y tendría unas chances 70-30 a su favor, al tener más partidas
donde imponer su ventaja en este formato, que el campeón domina como nadie".} 
1. e4 c5 2. Nf3 Nc6 3. d4 cxd4 4. Nxd4 Nf6 5. Nc3 e5 6. Ndb5 d6 7. Nd5 Nxd5 8.
exd5 Ne7 {Sorpresa de Carlsen. En las partidas 8 y 10 el noruego jugó la más
habitual 8...Cb8 y en ambos casos de llegó a posiciones de doble filo, con
chances para ambos jugadores. Aunque esta es la segunda variante es la segunda
más popular, según el GM Grischuk uno de los libros de cabecera sobre la
Pelikan, escrito por el GM ucraniano Timoshenko, contiene tantos errores de
análisis que muy probablemente los entrenadores de Carlsen hayan encontrado
nuevas posibilidades para el negro. Seguramente, esto era también conocido
por Caruana, y por tanto sería objeto de alarma para el estadounidense, al
ver esta variante sobre el tablero.} 9. c4 Ng6 10. Qa4 Bd7 11. Qb4 Bf5 12. h4
h5 {Novedad de Carlsen y nueva sorpresa para el aspirante, quien a partir de
este momento se sumió en profundas meditaciones.} (12... a6 13. h5 Nf4 14. Nc3
Be7 15. Be3 Nd3+ 16. Bxd3 Bxd3 17. h6 O-O 18. Rd1 a5 19. Qb5 e4 20. hxg7 Re8
21. Rxd3 exd3 22. c5 Bg5 23. Qxd3 h6 24. Ne4 dxc5 25. Kf1 Rxe4 26. Qxe4 Bxe3
27. fxe3 Ra6 28. Rh5 Rg6 29. Kg1 Kxg7 30. Rf5 b5 31. Qe5+ Kg8 32. e4 c4 33. Qf4
Qd7 34. a3 Qa7+ 35. Kh2 b4 36. e5 Qd7 37. e6 fxe6 38. Rf8+ Kg7 39. Ra8 Kh7 40.
Qd4 Qd6+ 41. Kh1 e5 42. Qxc4 bxa3 43. bxa3 Qxa3 44. Qc7+ Rg7 45. Qc2+ Rg6 {
1-0 (45) Kramnik,V (2779)-Roganovic,M (2527) Batumi 2018}) 13. Qa4 Bd7 14. Qb4
Bf5 15. Be3 a6 16. Nc3 {Tiempos: 01:22:45 vs. 01:42:11 Claramente, el cambio
de línea por parte de Carlsen ha provocado que Caruana pensara más en la
apertura.} Qc7 {Tras 6 minutos de reflexión. La alternativa era buscar
enseguida el enroque con 16...Ae7. Se supone que seguimos dentro de los
análisis del equipo del campeón.} 17. g3 {24 minutos le costó esta jugada
natural a Caruana, quien mostraba en cámara una actitud tremendamente
presionada. Todo indica que Carlsen ha sorprendido en la apertura al aspirante,
lo que unido a la ventaja de tiempo y la importancia de esta última partida,
haga que la situación global sea ideal para el noruego.} Be7 {Terminando el
desarrollo y habilitando la casilla 'f8' para la maniobra del caballo f8-d7.}
18. f3 {El blanco quiere rpevenir un ...e4, además de dar la posibilidad al
caballo blanco de apostarse en el centro.} Nf8 {Una vez debilitados los peones
del enroque blanco, este caballo se situará en 'd7' para vigilar los
importantes puntos 'c5' y 'b6'.} 19. Ne4 Nd7 20. Bd3 {Tiempos: 45:14 vs. 01:32:
42. Más de 45 minutos de ventaja en el reloj de Carlsen, lo que representa un
verdadero éxito en la apertura. A partir de ahora, Caruana tendrá que tener
mucho cuidado en el control de su tiempo.} O-O 21. Rh2 {Quizás el blanco se
reserva la posibilidad del enroque largo, lo que daría al juego una gran
emoción. Es de destacar la decisión de Caruana, con solo 44 min. para 20
jugadas.} Rac8 {Tras 10 minutos de reflexión. Carlsen echa un ojo a la
columna 'c' en previsión de un posible enroque largo del blanco. Tiempos: 44:
04 vs. 01:11:14.} 22. O-O-O {Tras 7 minutos. Lo que no se puede negar en esta
última partida es que Caruana la está afrontando con un alto espíritu de
lucha y compromiso. Pero también es evidente que su preparación le ha
fallado justo en el peor momento.} Bg6 {Carlsen mantiene media hora de ventaja
para llegar al control.} 23. Rc2 {La jugada natural, pero a Caruana le resta
apenas 30 minutos para 17 jugadas...} f5 {Carlsen comienza las operaciones que
definirán la posición en los próximos movimientos.} 24. Nf2 {Caruana no
quiere arriesgar más de la cuenta con 24.Cg5.} Nc5 25. f4 {Una decisión
comprometida, parando a los peones móviles negros en el centro, pero el negro
tiene también iniciativa en el flaco de dama.} a5 {Carlsen comienza también
acciones ofensivas en el flanco de dama. A estas alturas, la posición negra
luce mucho más promisoria y además tienen más tiempo de reflexión. De
todas formas, la jugada 25...b5!? merecía mucha atención.} 26. Qd2 e4 27. Be2
Be8 {La posición se va definiendo: las blancas no han conseguido nada en el
flanco de rey, mientras que la negras tienen la iniciativa en el flanco de
dama. Pero Carlsen tendrá que encontrar ideas de rupturas como ...b5 para
concretar su ventaja.} 28. Kb1 Bf6 {Tiempos: 25:45 vs. 55:28.} 29. Re1 {
Esta torre deja la casilla 'd1' para el caballo blanco, desde donde defenderá
el importante 'b2'. La posición negra sigue siendo preferible, pero el blanco
aún tiene una posición sólida.} a4 {Par amagar un posible ...Cb3, pero
sobre todo, ...a3 abriendo la gran diagonal negra 'a1-h8' sobre el rey blanco.
Una idea de máquina sería 29...Aa4 seguido de ...b5.} 30. Qb4 {Una jugada
con aspecto extraño, pues la dama podría quedar expuesta en muchas variantes.
La presión es terrible para el aspirante: partida decisiva, menos tiempo de
reflexión y posición desagradable.} g6 {Carlsen parece no querer
precipitarse y que Caruana tenga que jugar de forma forzosa.} 31. Rd1 {Tiempos: 16:06 vs. 43:25} Ra8 {Con idea de ...a3 o incluso Ta6-b6. ¡Tras
esta jugada, y de forma increíble, Carlsen ofreció tablas! Una decisión que
sorprendió a todos los grandes maestros que estaban comentando la partida,
máxime porque parecía que era Carlsen el único que podía arriesgar
buscando la ventaja. Por supuesto, el aspirante aceptó encantado el empate.
Parece claro que Magnus confía mucho en sus posibilidades como favorito en el
desempate y no quería arriesgar lo más mínimo en esta decisiva partida. Las
partidas de desempate tendrán lugar a la hora habitual el próximo miércoles
y decidirán el próximo campeón del mundo de ajedrez.} 1/2-1/2